| 000 | 00636nam a2200205Ia 4500 | ||
|---|---|---|---|
| 003 | OSt | ||
| 005 | 20250217165204.0 | ||
| 008 | 210210b1998 xxu||||| |||| 00| 0 eng d | ||
| 040 | _cAL | ||
| 041 | _aKannada | ||
| 082 | _aK894.9 JAYN | ||
| 100 |
_aJAYAPRAKASHA MAVINAKULI Ed. _9138781 _dಜಯಪ್ರಕಾಶ ಮಾವಿನಕುಳಿ |
||
| 245 |
_aNamma pritiya Subbanna. _bನಮ್ಮ ಪ್ರೀತಿಯ ಸುಬ್ಬಣ್ಣ |
||
| 260 |
_aMudubidire _bSphatika Prakashana _c1998 |
||
| 300 | _avi,85 | ||
| 650 |
_aSubbanna Ke Vi _9138782 |
||
| 690 |
_aKannada Criticism _9138783 |
||
| 906 | _a054884 | ||
| 942 |
_2ddc _cBK |
||
| 999 |
_c102953 _d102953 |
||